| 000 | 00419cam a2200169ua 4500 | ||
|---|---|---|---|
| 041 |
_aeng _h |
||
| 082 |
_a671.3 _bCHA/ME |
||
| 100 | _aCharnock, G F . | ||
| 245 |
_aMechanical technology / _cG F Charnock. _hTextual Documents |
||
| 250 |
_a2 / _b. |
||
| 260 |
_aMumbai : _bAsia Publishing House , _c1954. |
||
| 300 | _a724 ; . | ||
| 504 | _a | ||
| 700 | 1 | _aPartington, F W . | |
| 942 | _cBK | ||
| 999 |
_c11555 _d11555 |
||